000 00589nam a2200205 u 4500
005 20240228064144.0
008 140825s2005 r 000 0 eng d
020 _a968167653X
035 _aUPN01000199092
049 _aI
050 4 _aPZ71
_bF6.2
100 1 _aForcada, Alberto,
_d1969-
_932572
245 1 0 _aColumpios /
_cAlberto Forcada ; il. Juan Gedovius.
260 _aMéxico :
_bFCE,
_c2005.
300 _a[26] p. :
_bil. col
440 4 _aLos especiales de a la orilla del viento
650 4 _aLibros y lectura para niños
_92290
905 _aInfantil
999 _c171193
_d171193